| 000 | 01158nam a22003137a 4500 | ||
|---|---|---|---|
| 001 | 8045 | ||
| 003 | FISKH | ||
| 005 | 20250819134432.0 | ||
| 008 | 250819b cb ||||| |||| 00| 0 eng d | ||
| 020 | _a9781406314069 | ||
| 040 |
_aFISKH _beng _cFISKH _dFISKH |
||
| 050 | _aPZ7 .M335895 | ||
| 082 | _a813.52 | ||
| 100 |
_aMargaret, Rey _d(1906–1996) |
||
| 245 |
_aCurious George : _bCatches a train / _cMargaret & H.A. Rey's ; Illustrated in the style of H.A. Rey by Martha Weston |
||
| 250 | _aThis edition first published in 2008 | ||
| 260 |
_aLondon : _bWalkerbook, _c2008 |
||
| 300 |
_a22 unnumbered pages : _bcolor illustrations ; _c21 cm |
||
| 505 | _aJ | ||
| 520 | _aWhile waiting for the man with the yellow hat to buy train tickets, Curious George causes trouble by mixing up numbers on the schedule, but he makes up for it when a little boy's toy rolls toward the tracks. | ||
| 521 | 8 |
_a500
_bLexile |
|
| 521 | 8 |
_aJ
_bRaz-Plus |
|
| 650 |
_2Curious George _aAdventure |
||
| 650 |
_2Monkeys _aPicture book |
||
| 700 |
_aH.A., Rey _d(1898–1977) |
||
| 700 |
_aWeston, Martha _dillustrator |
||
| 942 |
_2ddc _cBK _n0 |
||
| 999 |
_c8045 _d8045 |
||